=LDR 00000nam 2200000 4500 =001 INLIS000000000017463 =005 20130612112653 =008 ***********************************Ind** =035 ##$$0010-061300000017463 =041 ##$$a Ind =082 ##$$a 617.57 =090 ##$$a 617.57, Ada b =100 ##$$a Adams, George =245 ##$$a Bois, Buku ajar penyakit THT, George Adams ; alih bahasa, Caroline Effendi =260 ##$$a 1997 $b Jakarta =300 ##$$a xvi, 538 hlm, ilus, 26 cm =650 ##$$a Otolaringology =700 ##$$a Effendi, Caroline =850 ##$$a NBPNMAT